000 00966nam a22002295i 4500
001 178671
003 ES-MaACL
005 20230906220601.0
008 110610s1972 sp d |||| | spa d
080 _a616.15
080 _a612.398
100 1 _aIglesias Guiu, Xavier.
_9147102
245 1 4 _aLos niveles de IgG, IgA e IgM, en el niño normal barcelonés durante los primeros 18 meses de vida /
_cresumen de la tesis presentada para aspirar al grado de doctor en medicina por Enrique Miralbell Andreu.
260 _aBarcelona :
_bUniversidad de Barcelona, Secretariado de Publicaciones, Intercambio Científico y Extensión Universitaria :
_bIvern,
_c1972.
300 _a21 p. :
_bil. bl. y n. ;
_c24 cm.
500 _aCub. tomada como port.
504 _aBibliografía: p. 19-21.
650 0 4 _aSangre-
_xAnálisis.
_9147003
650 4 _aProteínas.
_9147103
710 2 _aUniversidad de Barcelona.
_97141
852 _aES-MaACL
_jE-15361 (78)
_xOlim P-1374
999 _c178671
_d178671